<?xml version="1.0" encoding="UTF-8"?>
<record
    xmlns:xsi="http://www.w3.org/2001/XMLSchema-instance"
    xsi:schemaLocation="http://www.loc.gov/MARC21/slim http://www.loc.gov/standards/marcxml/schema/MARC21slim.xsd"
    xmlns="http://www.loc.gov/MARC21/slim">

  <leader>00795nam0a22002531  4500</leader>
  <controlfield tag="001">v19\rc\2095687</controlfield>
  <controlfield tag="005">20260408081746.0</controlfield>
  <datafield tag="035" ind1=" " ind2=" ">
    <subfield code="a">(NLR Aleph) 005165653</subfield>
  </datafield>
  <datafield tag="090" ind1=" " ind2=" ">
    <subfield code="a">5025204</subfield>
    <subfield code="c">5025204</subfield>
  </datafield>
  <datafield tag="100" ind1=" " ind2=" ">
    <subfield code="a">20081218d1915    |||y0rusy50      ca</subfield>
  </datafield>
  <datafield tag="101" ind1="0" ind2=" ">
    <subfield code="a">rus</subfield>
  </datafield>
  <datafield tag="102" ind1=" " ind2=" ">
    <subfield code="a">RU</subfield>
  </datafield>
  <datafield tag="105" ind1=" " ind2=" ">
    <subfield code="a">y   z   |||||</subfield>
  </datafield>
  <datafield tag="200" ind1="1" ind2=" ">
    <subfield code="a">&#x41F;&#x430;&#x43C;&#x44F;&#x442;&#x43D;&#x430;&#x44F; &#x437;&#x430;&#x43F;&#x438;&#x441;&#x43A;&#x430;</subfield>
    <subfield code="f">&#x422;-&#x432;&#x43E; "&#x414;&#x435;&#x448;&#x435;&#x432;&#x44B;&#x439; &#x442;&#x43E;&#x440;&#x444;". &#x41F;&#x435;&#x442;&#x440;&#x43E;&#x433;&#x440;&#x430;&#x434;</subfield>
  </datafield>
  <datafield tag="210" ind1=" " ind2=" ">
    <subfield code="a">&#x41F;&#x435;&#x442;&#x440;&#x43E;&#x433;&#x440;&#x430;&#x434;</subfield>
    <subfield code="d">[1915]</subfield>
  </datafield>
  <datafield tag="215" ind1=" " ind2=" ">
    <subfield code="a">[2] &#x441;.</subfield>
  </datafield>
  <datafield tag="309" ind1=" " ind2=" ">
    <subfield code="a">&#x41D;&#x430;&#x43F;&#x435;&#x447;. &#x43D;&#x430; &#x43F;&#x438;&#x448;. &#x43C;&#x430;&#x448;. &#x41B;&#x438;&#x442;&#x43E;&#x433;&#x440;.</subfield>
  </datafield>
  <datafield tag="710" ind1="0" ind2="2">
    <subfield code="a">"&#x414;&#x435;&#x448;&#x435;&#x432;&#x44B;&#x439; &#x442;&#x43E;&#x440;&#x444;", &#x442;&#x43E;&#x432;&#x430;&#x440;&#x438;&#x449;&#x435;&#x441;&#x442;&#x432;&#x43E;</subfield>
    <subfield code="c">&#x41F;&#x435;&#x442;&#x440;&#x43E;&#x433;&#x440;&#x430;&#x434;</subfield>
    <subfield code="3">RU\NLR\AUTH\8810222207</subfield>
    <subfield code="9">329227</subfield>
  </datafield>
  <datafield tag="801" ind1=" " ind2="0">
    <subfield code="a">RU</subfield>
    <subfield code="b">NLR</subfield>
    <subfield code="g">psbo</subfield>
  </datafield>
  <datafield tag="801" ind1=" " ind2="1">
    <subfield code="a">RU</subfield>
    <subfield code="b">ProSoft-M</subfield>
    <subfield code="2">rusmarc</subfield>
  </datafield>
  <datafield tag="852" ind1=" " ind2=" ">
    <subfield code="a">NLR</subfield>
    <subfield code="j">37.58.8.62</subfield>
  </datafield>
  <datafield tag="942" ind1=" " ind2=" ">
    <subfield code="c">BOOK</subfield>
  </datafield>
  <datafield tag="980" ind1=" " ind2=" ">
    <subfield code="a">NB</subfield>
  </datafield>
  <datafield tag="995" ind1=" " ind2=" ">
    <subfield code="5">2013-10-26</subfield>
    <subfield code="b">NLR02</subfield>
    <subfield code="c">NLR02</subfield>
    <subfield code="e">RFS</subfield>
    <subfield code="f">5165653-10</subfield>
    <subfield code="k">37.58.8.62</subfield>
    <subfield code="o">0</subfield>
    <subfield code="r">BOOK</subfield>
    <subfield code="s">3758862_</subfield>
  </datafield>
</record>
